000 00841nam a2200277 4500
003 OSt
005 20260530113906.0
008 260507b2004 sp ||||| |||| 00| 0 spa d
020 _a8496099520
040 _aICI
_bspa
_cICI
_erda
041 _aeng
050 _aNK2713
_bM37 2004
100 1 _aMarín, Eva,
_eautor
_932758
245 1 0 _aOnly beds :
_bmore than 1000 designs from around the world /
_cby Eva Marín
264 1 _aBarcelona :
_bAtrium,
_cc2004
300 _a283 páginas :
_b ilustraciones a color
336 _atexto
_2rdacontent
337 _asin medio
_2rdamedia
338 _avolumen
_2rdacarrier
500 _aTítulo de la cubierta
500 _aInclye directorio de diseñadores
650 4 _aCamas
_932759
650 4 _aDiseño de muebles
_932760
650 4 _aDiseñadores de muebles
_932761
942 _2lcc
_cBK
_n1
999 _c11940
_d11940